| 000 | 00524nam a2200169Ia 4500 | ||
|---|---|---|---|
| 005 | 20260601193231.0 | ||
| 008 | 260601s9999||||xx |||||||||||||| ||und|| | ||
| 020 |
_a978-3-031-53145-3 _qebk |
||
| 100 | _aKimberly J. McCabe | ||
| 245 | 0 | _aComputational Physiology | |
| 250 | _a2024 | ||
| 260 |
_aHeidelberg, Germany _bSpringer Nature _c2024 |
||
| 440 | _aSimula SpringerBriefs on Computing | ||
| 650 | _aComputer Science | ||
| 856 | _uhttps://link.springer.com/openurl?genre=book&isbn=978-3-031-53145-3 | ||
| 942 |
_cEB _2ddc |
||
| 999 |
_c56104 _d56104 |
||